Психологічні особливості подолання особистісної безпорадності в навчальній діяльності студентів (Запис № 570822)

МАРК-запис
000 -Лідер
fixed length control field 02924nam a22002537a 4500
003 - Ідентифікатор контрольного номера
control field UA-OsUOA
005 - Дата та час останнього входження (трансакції)
control field 20210618145543.0
008 - Елементи даних фіксованої довжини – загальна інформація
fixed length control field 210617b un ||||| m||| 00| 0 ukr d
040 ## - Джерело каталогізації
Агенція оригінальної каталогізації UA-OsUOA
Мова каталогізації ukr
Агенція, яка здійснювала перезапис UA-OsUOA
Агенція, яка здійснювала модифікацію UA-OsUOA
041 ## - Код мови
Код мови тексту/ звукової доріжки чи окремого заголовка (П) ukr
080 ## - Індекс Універсальної десяткової класифікації
Індекс Універсальної десяткової класифікації (УДК) (НП) 159.953.5–057.87
090 ## - Локальний шифр розміщення
Класифікаційний індекс УДК 159.953.5–057.87
095 ## - Код спеціальності для авторефератів
Код спеціальності 19.00.07
Назва спеціальності педагогічна та вікова психологія
100 ## - Основне введення – ім’я особи
Ім’я особи (НП) Дучимінська Т. І.
245 ## - Відомості про назву
Назва (НП) Психологічні особливості подолання особистісної безпорадності в навчальній діяльності студентів
Дані про відповідальність (НП) Дучимінська Тамара Іванівна ; наук. керівник Малімон Людмила Яківна
260 ## - Публікація, розповсюдження і т.п. (Вихідні дані)
Місце публікації, розповсюдження і т.п. (П) Острог
Дата публікації, розповсюдження і т.п. (П) 2013
300 ## - Фізичний опис
Обсяг 19 с.
502 ## - Примітка про дисертацію
Зв'язок Автореферат дисертації на здобуття наукового ступеня кандидата психологічних наук<br/>
Наймення інституції, що представляється Національний університет "Острозька академія"
Рік отримання вченого ступеня 2013
520 ## - Резюме і т.п.
Резюме, реферат, анотація, тощо (НП) Дисертаційна робота присвячена аналізу психологічних особливостей подолання особистісної безпорадності в навчальній діяльності студентів. У дисертації проаналізовано теоретико-методологічні засади вивчення завченої й особистісної безпорадності; описано її структуру у сукупності когнітивного, мотиваційного й емоційного компонентів, показано зв’язок безпорадності з провідною діяльністю індивіда.<br/>Охарактеризовано симптомокомплекс стійких особистісних властивостей особистісної безпорадності студентів, виявлено її факторну структуру. Описано прояви особистісної безпорадності студентів у навчальній діяльності, встановлено взаємозв’язок безпорадності з показниками мотивації та успішності їх навчально-професійної діяльності.<br/>Розроблено комплексну програму подолання особистісної безпорадності студентів, доведено її ефективність за кількісними і якісними показниками.
650 ## - Додаткове предметне введення – тематичний термін
Джерело заголовка чи терміна UDC
Тематичний термін чи географічна назва, як елемент введення (НП) 159.9 Психологія
942 ## - Додаткові елементи входу (Коха)
Source of classification or shelving scheme Universal Decimal Classification
Тип елемента Koha Автореферат
955 ## - Код типу видання за змістом
Код типу видання за змістом (НП) Наукові видання

Немає доступних примірників.